Регионална библиотека "Любен Каравелов" - Русе

Черешата на един народ (Запис номер 175399)

MARC детайли
000 -Лидер
Контролно поле с фиксирана дължина 01606nam a2200385 c 4500
003 - Код на организацията, давaща контролен номер
Контролно поле BLK
005 - Дата и час на последна редакция
Контролно поле 20250719164748.0
008 - Елементи от данни с фиксирана дължина
fixed length control field 180411b bul|||||r ||||||| ||bul||
010 ## - Наследен системен номер
LC control number KNG00183948000
020 ## - Международен стандартен номер на книга ISBN
Международен стандартен номер на книга ISBN 9786191860913
040 ## - Източник на каталожния запис
Идентификатор на билиотеката - собственик на записа BLK
041 ## - Код за език
Код за езика на текст/звукозапис или на отделно заглавие Български
Код за езика КДБФ Български
072 #7 - Код за тематичната категория
Код организация bullib
Код за тематична категория Н8400
Текст Българска поезия Н
080 ## - УДК
Текстов определител УДК Българска литература
УДК код - определител по УДК 821.163.2
УДК определител -1
УДК - код + определител 821.163.2-1
100 1# - Редна дума - Автор
Автор Господинов, Георги
Авторска отговорност първи автор
Автор - информация (биография) Георгиев, Георги Господинов
R(LIN) 364800
139 ## - Редно поле
Редна дума Господинов, Георги
Авторски знак Гос - Г 70
245 10 - Сведения за заглавието
Заглавие Черешата на един народ
Редно поле (дума) Георги Господинов; * Георги Господинов Георгиевм худож. Яна Левиева.
250 ## - Област на изданието
Сведения за изданието 4. изд.
257 ## - Страна на издаване
Страна на създаване/издаване България
260 ## - Област на издателските данни
Име на издателя, разпространителя и проч. Жанет 45
Година на издаване 2014
300 ## - Физическа характеристика
Страници 71 с.
Размери/Мащаб 22 см
380 ## - Жанр
Жанр Худож. лит.
500 ## - Общи забележки
Забележка 1. изд. 1996 изд. на Свободно поет. о-во. - Пълното име на авт. е Георги Господинов Георгиев. - Съдържа и за авт.
653 ## - Ключова дума – ненормативна
Ключова дума стихотворения
659 ## - Тематичен бюлетин
Тематичен бюлетин Н
700 1# - Други автори (авторска отговорност)
Лично име Георгиев, Георги Господинов
Автороска отговорност (Описва отношението между автора и произведението) *
9 (RLIN) 299747
700 ## - Други автори (авторска отговорност)
Лично име Левиева, Яна Милчева
Автороска отговорност (Описва отношението между автора и произведението) худож.
9 (RLIN) 280309
852 ## - Местоположение
Форматна сигнатура Цб 277604
856 4# - Електронен адрес и достъп
Електронен формат pdf - файл
856 4# - Електронен адрес и достъп
Електронен формат pdf - файл
999 ## - СИСТЕМНИ КОНТРОЛНИ НОМЕРА
Koha biblionumber 175399
Koha biblioitemnumber 175399
942 ## - АРТИКУЛИ
Вид на библиотечния материал Книги
Скрит в OPAC Не
Koha issues (borrowed), all copies 10
Периодичен библиозапис Да
944 ## - СЪЗДАВАНЕ И РЕДАКЦИЯ на ЗАПИСА
Създаване/Редакция Създаване
Дата на регистрацията/редакция 21.10.2015
Статус, дата на статуса Нора Радева
Служител, извършил регистрацията/редакцията 30545
944 ## - СЪЗДАВАНЕ И РЕДАКЦИЯ на ЗАПИСА
Създаване/Редакция Редакция
Дата на регистрацията/редакция 02.02.2016
Статус, дата на статуса ф /
Служител, извършил регистрацията/редакцията Людмила_Стоянова
999 ## - СИСТЕМНИ КОНТРОЛНИ НОМЕРА
Koha biblioitemnumber 175399
Наличности
Код за отписване Код за изгубен артикул Код за повреда Коз за рестрикции Код за отдаване Артикулен № Име на библиотеката - собственик Име на библиотеката, в която се намира в момента Статус (Текущо местоположение) Дата на вписване в системата Местоположение - отдел Цена в лева Инвентарен номер Систематично азбучна сигнатура Баркод Номер на екземпляра Цена в евро Служебна бележка Служебен тип на артикула Източник на класификационната схема
  Не е изгубен Не е повреден без рестрикции ползва се в читалня 301843 Регионална библиотека "Любен Каравелов" Русе Регионална библиотека "Любен Каравелов" Русе Хранилище 2015-10-22 Хранилище 10.00 120000793846 Цб 277604 120000793846 1 5.11 Дост: Dp Вид: Д N: 37 Дата: 28.08.2015 Книги  
  Не е изгубен Не е повреден без рестрикции заемане за дома 799650 Регионална библиотека "Любен Каравелов" Русе Регионална библиотека "Любен Каравелов" Русе Заемна - подръчен фонд 2020-09-17 Заемна - подръчен фонд 7.50   821.163.2-1/Г 70 Г 120000847083   3.83   Книги Universal Decimal Classification
Vip Innovations Ltd, Rousse, Bulgaria 2025